Curso de nivelación de matemática /
Guardado en:
| Autor Principal: | |
|---|---|
| Formato: | Libro |
| Idioma: | Spanish |
| Publicado: |
Rosario :
Universidad Austral, Facultad de Ciencias Empresariales, Departamento de Matemática,
1993.
|
| Etiquetas: |
Agregar Etiqueta
Sin Etiquetas, Sea el primero en etiquetar este registro!
|
| LEADER | 01228nam a22001575a 4500 | ||
|---|---|---|---|
| 001 | MAT.inmabb006371 | ||
| 008 | 100602s1993####ag#a#####b####000#0#spa#d | ||
| 005 | 20160315171600.0 | ||
| 245 | 1 | 0 | |a Curso de nivelación de matemática / |c Domingo Alberto Tarzia. |
| 260 | |a Rosario : |b Universidad Austral, Facultad de Ciencias Empresariales, Departamento de Matemática, |c 1993. | ||
| 300 | |a 194 p. : |b il. ; |c 21 cm. | ||
| 500 | |a "Este curso de nivelación de Matemática (50 horas) tiene como objetivo realizar un breve repaso de algunos temas fundamentales que han sido tratados en la Escuela Secundaria (números reales y sus operaciones, expresiones algebraicas, ecuaciones de primer y segundo grado, sistema de dos ecuaciones lineales con dos incógnitas, representación gráfica en el plano, geometría y trigonometría del plano, resolución de triángulos, teoría de conjuntos, relaciones y funciones entre conjuntos). Se presentan las definiciones, propiedades y demostraciones principales para poder utilizarlas en la resolución de ejercicios y problemas de aplicación" -- Pról. | ||
| 504 | |a Bibliografía: p. 185. | ||
| 100 | 1 | |a Tarzia, Domingo Alberto. | |
| 084 | |a 00-01 (00A05) |2 msc2000 | ||
| 859 | |h 00A05 |i T196 |p A-6883 |b BIB. MATEMATICA | ||
